000 00448nam a2200157 i 4500
001 72034
003 ES-MaACL
005 20230906171316.0
007 t|
008 040825s1934 sp ||||1| spa d
100 1 _aGil Mariscal, Fernando.
_956839
245 1 0 _aPolítica positiva
_b: (según las teorías de Solvay) /
_cFernando Gil Mariscal.
260 _aMadrid :
_bPlutarco,
_c1934.
300 _a197 p. ;
_c19 cm.
852 _aES-MaACL
_jA-3208
999 _c72034
_d72034